000 01729nab a2200241 i 4500
003 BR-BrBNA
005 20250529095631.0
008 250529b2018 bl.qr|pooa||| 00| 0 por |
040 _aBR-BrBNA
_bpor
072 _aF70
100 _aLima, Carla Teixeira de
245 _aFlora das cangas da Serra dos Carajás, Pará, Brasil: Nymphaeaceae
500 _aPublicação on-line; 5 ref.; 2 illus.; Summaries (En, Pt)
520 _a Resumo Este estudo engloba a única espécie de Nymphaeaceae registrada para a canga da Serra dos Carajás, no estado do Pará, trazendo descrição detalhada, ilustração e comentários morfológicos. É registrada uma espécie de Nymphaea para a área de estudo: N. rudgeana, amplamente distribuída na América Central, do Sul e no Caribe. Palavras-chave: FLONA Carajás, taxonomia, macrófita aquática, flora. Abstract This study encompasses the species of Nymphaeceae registered for the canga of the Serra dos Carajás, Pará state, bringing detailed description, illustrations and morphological comments of the species. A single species is registered for the study area: N. rudgeana, widely distributed in the Caribbean, Central America and South America., Key words: FLONA Carajás, taxonomy, aquatic macrophyte, flora
650 _aCARAJÁS
650 _aTAXONOMIA
650 _aPLANTA AQUÁTICA
650 _aFLORA
773 0 _0709
_9350699
_dRio de Janeiro-RJ Jardim Botanico do Rio de Janeiro 1935
_o2025-3324
_tRodriguésia (Brazil)
_x0370-6583; 2175-7860 on-line
_gv. 69(1) p. 153-156; (2018)
_wBR2025001293
856 _uhttps://www.scielo.br/j/rod/a/z5fzVjZ8sfNZwBpZNYDdfPH/?format=pdf&lang=pt
942 _cANA
999 _c331785
_d331785